UM Logo

A celebration of neurons : (Record no. 7990)

MARC details
000 -LEADER
fixed length control field 00609nam a2200157 4500
008 - FIXED-LENGTH DATA ELEMENTS--GENERAL INFORMATION
fixed length control field 171208b xxu||||| |||| 00| 0 eng d
020 ## - INTERNATIONAL STANDARD BOOK NUMBER
International Standard Book Number 0871202433
082 ## - DEWEY DECIMAL CLASSIFICATION NUMBER
Edition number 1995
Classification number DC 612.82
Item number Sy5
100 ## - MAIN ENTRY--PERSONAL NAME
9 (RLIN) 24598
Personal name Sylwester, Robert., author.
245 ## - TITLE STATEMENT
Title A celebration of neurons :
Remainder of title an educator's guide to the human brain /
Statement of responsibility, etc. Robert Sylwester.
260 ## - PUBLICATION, DISTRIBUTION, ETC. (IMPRINT)
Place of publication, distribution, etc. Alexandria, Va. :
Name of publisher, distributor, etc. Association for Supervision and Curriculum Development,
Date of publication, distribution, etc. ©1995.
300 ## - PHYSICAL DESCRIPTION
Extent viii, 167 pages :
Other physical details illustrations ;
Dimensions 23 cm.
500 ## - GENERAL NOTE
General note Includes bibliographical references and index.
650 #0 - SUBJECT ADDED ENTRY--TOPICAL TERM
9 (RLIN) 24601
Topical term or geographic name as entry element Neurons.
942 ## - ADDED ENTRY ELEMENTS (KOHA)
Source of classification or shelving scheme Dewey Decimal Classification
Koha item type Circulation
Holdings
Withdrawn status Lost status Source of classification or shelving scheme Damaged status Not for loan Collection code Home library Current library Date acquired Source of acquisition Total Checkouts Full call number Barcode Date last seen Date last checked out Copy number Price effective from Koha item type
    Dewey Decimal Classification     Circulation UM Digos College - LIC UM Digos College - LIC 10/04/1996 Purchased 1 DC 612.82 Sy5 1995 12108 05/15/2025 04/27/2018 1 12/08/2017 Circulation